| 000 | 00815nam a2200253 a 4500 | ||
|---|---|---|---|
| 003 | OSt | ||
| 005 | 20140310183628.0 | ||
| 008 | 100324s19uu xx 00 eng d | ||
| 020 | _a978-971-584-870-1 | ||
| 050 |
_aLC 179 _b.G821 2009 |
||
| 100 | _aGregorio, Bienvenido L. | ||
| 245 |
_aPeace and development education : _ban introduction to the core concepts in peace and development education for college students / _cBienvenido L. Gregorio. |
||
| 260 |
_aQuezon City : _bC & E Publishing, Inc, _cc2009. |
||
| 300 |
_a149 p. : _c19 cm. |
||
| 521 | _aEDU | ||
| 650 |
_aEducation _xPhilippines _xconcepts. |
||
| 650 |
_aValues education _xPhilippines. |
||
| 650 |
_aEducational system _xPhilippines. |
||
| 942 |
_cBK _2lcc _kLOC |
||
| 999 |
_c25553 _d25553 |
||